[Event "EIWCC 2017"]
[Site "Riga"]
[Date "2017.04.22"]
[Round "11"]
[White "Isgandarova, Khayala"]
[Black "Ziaziulkina, Nastassia"]
[Result "1/2-1/2"]
[WhiteElo "2211"]
[BlackElo "2387"]
[Annotator "NA"]
[PlyCount "61"]
[EventDate "2017.??.??"]
[EventType "swiss"]
[EventCountry "LAT"]
[SourceTitle "playchess.com"]
[Source "ChessBase"]
[SourceQuality "1"]

1. e4 c5 2. Nf3 d6 3. Bb5+ Nd7 4. d4 cxd4 5. Qxd4 a6 6. Bxd7+ Bxd7 7. O-O Nf6 8. Bg5 e6 9. c4 Be7 10. h3 O-O 11. Nc3 Bc6 12. a4 h6 13. Be3 Nd7 14. Nd5 exd5 15. cxd5 Ne5 16. dxc6 Nxf3+ 17. gxf3 bxc6 18. Kh2 Bf6 19. Qd2 d5 20. exd5 Qxd5 21. Qxd5 cxd5 22. Rad1 Rfb8 23. Rxd5 Rxb2 24. a5 Re8 25. Kg3 Re5 26. Rfd1 Rb5 27. Rxb5 Rxb5 28. Bb6 Bc3 29. Rd8+ Kh7 30. Rd7 Kg6 31. Ra7 1/2-1/2

[Event "EIWCC 2017"]
[Site "Riga"]
[Date "2017.04.22"]
[Round "11"]
[White "Exler, Veronika"]
[Black "Hapala, Elisabeth"]
[Result "1/2-1/2"]
[WhiteElo "2208"]
[BlackElo "2091"]
[Annotator "TA"]
[PlyCount "29"]
[EventDate "2017.??.??"]
[EventType "swiss"]
[EventCountry "LAT"]
[SourceTitle "playchess.com"]
[Source "ChessBase"]
[SourceQuality "1"]

1. e4 e6 2. d4 d5 3. exd5 exd5 4. Nf3 Bd6 5. Bd3 Nf6 6. Qe2+ Qe7 7. Qxe7+ Kxe7 8. O-O Re8 9. Re1+ Kf8 10. Rxe8+ Kxe8 11. Nbd2 Nc6 12. c3 Ne7 13. Nf1 Bf5 14. Bxf5 Nxf5 15. Ng3 1/2-1/2

[Event "EIWCC 2017"]
[Site "Riga"]
[Date "2017.04.22"]
[Round "11"]
[White "Balajayeva, Khanim"]
[Black "Houska, Jovanka"]
[Result "0-1"]
[WhiteElo "2196"]
[BlackElo "2397"]
[Annotator "TA"]
[PlyCount "152"]
[EventDate "2017.??.??"]
[EventType "swiss"]
[EventCountry "LAT"]
[SourceTitle "playchess.com"]
[Source "ChessBase"]
[SourceQuality "1"]

1. e4 c6 2. c4 d5 3. exd5 cxd5 4. cxd5 Nf6 5. Nc3 Nxd5 6. Nf3 Nc6 7. d4 g6 8. Qb3 Nxc3 9. Bc4 Nd5 10. Bxd5 e6 11. Bxc6+ bxc6 12. O-O Qd5 13. Be3 f6 14. Rfc1 Bd6 15. Nd2 O-O 16. Qc2 Bd7 17. Ne4 Be7 18. Nc5 Bxc5 19. dxc5 e5 20. Rd1 Bf5 21. Rxd5 Bxc2 22. Rd6 Be4 23. Rad1 Bd5 24. a3 Rab8 25. b4 Kg7 26. Bd2 Rfd8 27. Rxd8 Rxd8 28. Bc3 Rd7 29. f3 g5 30. Kf2 h5 31. h3 Kf7 32. Rd2 Ke6 33. a4 a6 34. Rb2 Rb7 35. g4 hxg4 36. hxg4 Rh7 37. Kg3 Rh1 38. Rd2 Rc1 39. Rd3 Rc2 40. Be1 f5 41. gxf5+ Kxf5 42. Bf2 Rb2 43. b5 axb5 44. axb5 Rxb5 45. Ra3 Rb4 46. Be3 e4 47. fxe4+ Rxe4 48. Kf2 Rb4 49. Rd3 Ke4 50. Bd2 Rb2 51. Re3+ Kd4 52. Ke1 Rb1+ 53. Kf2 g4 54. Bc3+ Kxc5 55. Be5 Bf3 56. Bg7 Rb7 57. Bh8 Kd5 58. Rd3+ Ke4 59. Rd4+ Kf5 60. Rd8 Rb3 61. Rf8+ Ke6 62. Re8+ Kd5 63. Rd8+ Kc4 64. Be5 c5 65. Rd2 Rd3 66. Rc2+ Kd5 67. Bc7 c4 68. Rc1 c3 69. Bf4 Be4 70. Be3 g3+ 71. Ke2 g2 72. Ra1 Kc4 73. Kf2 Bc6 74. Ke2 c2 75. Rc1 Kc3 76. Bg5 Rd1 0-1

[Event "EIWCC 2017"]
[Site "Riga"]
[Date "2017.04.22"]
[Round "11"]
[White "Petrenko, Svetlana"]
[Black "Arda, Cagil Irmak"]
[Result "1/2-1/2"]
[WhiteElo "2136"]
[BlackElo "2089"]
[Annotator "NA"]
[PlyCount "29"]
[EventDate "2017.??.??"]
[EventType "swiss"]
[EventCountry "LAT"]
[SourceTitle "playchess.com"]
[Source "ChessBase"]
[SourceQuality "1"]

1. Nf3 c5 2. g3 g6 3. Bg2 Bg7 4. e4 Nc6 5. c4 Nf6 6. Nc3 O-O 7. O-O d6 8. h3 a6 9. d3 Rb8 10. a4 Bd7 11. Kh2 Ne8 12. Ne1 Nc7 13. f4 b5 14. axb5 axb5 15. Nc2 1/2-1/2

[Event "EIWCC 2017"]
[Site "Riga"]
[Date "2017.04.22"]
[Round "11"]
[White "Gueci, Tea"]
[Black "Sibajeva, Marija"]
[Result "1-0"]
[WhiteElo "2132"]
[BlackElo "2011"]
[Annotator "NA"]
[PlyCount "30"]
[EventDate "2017.??.??"]
[EventType "swiss"]
[EventCountry "LAT"]
[SourceTitle "playchess.com"]
[Source "ChessBase"]
[SourceQuality "1"]

1. e4 e5 2. Nf3 Nc6 3. Bb5 a6 4. Ba4 Nf6 5. Qe2 b5 6. Bb3 Be7 7. c3 O-O 8. O-O d6 9. Rd1 Bg4 10. h3 Bh5 11. d3 Re8 12. Nbd2 Bf8 13. Nf1 d5 14. Bg5 Bxf3 15. Qxf3 d4 1-0

[Event "EIWCC 2017"]
[Site "Riga"]
[Date "2017.04.22"]
[Round "11"]
[White "Tsiganova, Monika"]
[Black "Ozbay, Ece"]
[Result "1-0"]
[WhiteElo "2111"]
[BlackElo "2035"]
[Annotator "NA"]
[PlyCount "30"]
[EventDate "2017.??.??"]
[EventType "swiss"]
[EventCountry "LAT"]
[SourceTitle "playchess.com"]
[Source "ChessBase"]
[SourceQuality "1"]

1. d4 d5 2. Nf3 Nf6 3. c4 c6 4. e3 Bf5 5. Nc3 e6 6. Nh4 Be4 7. f3 Bg6 8. Qb3 Qb6 9. Nxg6 hxg6 10. Be2 Nbd7 11. O-O Qc7 12. f4 Be7 13. Bd2 g5 14. g3 gxf4 15. exf4 dxc4 1-0

[Event "EIWCC 2017"]
[Site "Riga"]
[Date "2017.04.22"]
[Round "11"]
[White "Olde, Margareth"]
[Black "Mamedjarova, Turkan"]
[Result "1/2-1/2"]
[WhiteElo "2110"]
[BlackElo "2267"]
[Annotator "ChessBase"]
[PlyCount "94"]
[EventDate "2017.??.??"]
[EventType "swiss"]
[EventCountry "LAT"]
[SourceTitle "playchess.com"]
[Source "ChessBase"]
[SourceQuality "1"]

1. d4 d5 2. c4 e6 3. Nf3 Nf6 4. g3 Be7 5. Bg2 O-O 6. Nbd2 b6 7. cxd5 exd5 8. O-O Bb7 9. Qc2 c5 10. b3 Nc6 11. dxc5 Bxc5 12. Bb2 Re8 13. Rfe1 Rc8 14. Qf5 d4 15. a3 a5 16. Rad1 Rc7 17. h4 Rce7 18. Ng5 Re5 19. Qd3 Qe7 20. Bf1 h6 21. Nh3 Bc8 22. Nf4 Bf5 23. Qf3 Qc7 24. Bg2 Nd8 25. Nd3 Bg4 26. Qf4 Bd6 27. Qxd4 Rxe2 28. Rxe2 Rxe2 29. Rc1 Qd7 30. Nc4 Bf8 31. Nf4 Re8 32. Nd5 Nxd5 33. Bxd5 b5 34. Ne5 Rxe5 35. Qxe5 Be6 36. Bxe6 Nxe6 37. Qe2 Qd5 38. Qd1 Qe4 39. Qd2 Bc5 40. Qe1 Qg4 41. Qc3 Qe2 42. Rc2 Nd4 43. Qxc5 Nf3+ 44. Kg2 Ne1+ 45. Kg1 Nf3+ 46. Kg2 Ne1+ 47. Kg1 Nf3+ 1/2-1/2

[Event "EIWCC 2017"]
[Site "Riga"]
[Date "2017.04.22"]
[Round "11"]
[White "Vidruska, Renate"]
[Black "Kazarian, Anna-Maja"]
[Result "0-1"]
[WhiteElo "2093"]
[BlackElo "2257"]
[Annotator "NA"]
[PlyCount "34"]
[EventDate "2017.??.??"]
[EventType "swiss"]
[EventCountry "LAT"]
[SourceTitle "playchess.com"]
[Source "ChessBase"]
[SourceQuality "1"]

1. e4 c5 2. Nf3 Nc6 3. d4 cxd4 4. Nxd4 Nf6 5. Nc3 e5 6. Ndb5 d6 7. Nd5 Nxd5 8. exd5 Nb8 9. a4 a6 10. Na3 Be7 11. Nc4 Bf5 12. a5 Nd7 13. Be3 Rc8 14. c3 O-O 15. Be2 Qe8 16. O-O f6 17. Rc1 Qf7 0-1

[Event "EIWCC 2017"]
[Site "Riga"]
[Date "2017.04.22"]
[Round "11"]
[White "Krumina, Linda"]
[Black "Stetsko, Lanita"]
[Result "0-1"]
[WhiteElo "2090"]
[BlackElo "2226"]
[Annotator "NA"]
[PlyCount "40"]
[EventDate "2017.??.??"]
[EventType "swiss"]
[EventCountry "LAT"]
[SourceTitle "playchess.com"]
[Source "ChessBase"]
[SourceQuality "1"]

1. d4 Nf6 2. c4 e6 3. Nc3 Bb4 4. f3 d5 5. a3 Bxc3+ 6. bxc3 c5 7. e3 O-O 8. cxd5 exd5 9. Bd3 b6 10. Ne2 Ba6 11. Bb1 Nc6 12. O-O Re8 13. Re1 Qd7 14. Ra2 Rad8 15. Nf4 Qd6 16. g4 Nd7 17. h4 Nf8 18. Rg2 Ng6 19. Nxg6 hxg6 20. h5 Bc4 0-1

[Event "EIWCC 2017"]
[Site "Riga"]
[Date "2017.04.22"]
[Round "11"]
[White "Azimova, Karina"]
[Black "Komiagina, Maria"]
[Result "1/2-1/2"]
[WhiteElo "2072"]
[BlackElo "2247"]
[Annotator "NA"]
[PlyCount "29"]
[EventDate "2017.??.??"]
[EventType "swiss"]
[EventCountry "LAT"]
[SourceTitle "playchess.com"]
[Source "ChessBase"]
[SourceQuality "1"]

1. e4 c5 2. c3 d5 3. exd5 Qxd5 4. d4 Nf6 5. Nf3 e6 6. Be2 Nc6 7. O-O Be7 8. dxc5 Qxd1 9. Rxd1 Bxc5 10. Bg5 Ne4 11. Bh4 h6 12. Nbd2 Nxd2 13. Rxd2 O-O 14. Rad1 a6 15. Ne1 1/2-1/2

[Event "EIWCC 2017"]
[Site "Riga"]
[Date "2017.04.22"]
[Round "11"]
[White "Makka, Ioulia"]
[Black "Berzina, Ilze"]
[Result "1/2-1/2"]
[WhiteElo "2069"]
[BlackElo "2297"]
[Annotator "TA"]
[PlyCount "36"]
[EventDate "2017.??.??"]
[EventType "swiss"]
[EventCountry "LAT"]
[SourceTitle "playchess.com"]
[Source "ChessBase"]
[SourceQuality "1"]

1. e4 c6 2. d4 d5 3. Nc3 dxe4 4. Nxe4 Nd7 5. Nf3 Ngf6 6. Nxf6+ Nxf6 7. Ne5 Be6 8. c3 g6 9. Be2 Bg7 10. O-O O-O 11. Bf4 Qb6 12. Nd3 Nd7 13. Be3 Bd5 14. Qc1 Rfe8 15. Nf4 Nf6 16. Re1 Qc7 17. Nxd5 Nxd5 18. Bf3 Qb6 1/2-1/2

[Event "EIWCC 2017"]
[Site "Riga"]
[Date "2017.04.22"]
[Round "11"]
[White "Beydullayeva, Govhar"]
[Black "Lickrastina, Agnese"]
[Result "1-0"]
[WhiteElo "2054"]
[BlackElo "2223"]
[Annotator "NA"]
[PlyCount "36"]
[EventDate "2017.??.??"]
[EventType "swiss"]
[EventCountry "LAT"]
[SourceTitle "playchess.com"]
[Source "ChessBase"]
[SourceQuality "1"]

1. c4 e6 2. g3 Nf6 3. Bg2 d5 4. Nf3 Be7 5. O-O O-O 6. d4 dxc4 7. Qc2 a6 8. Qxc4 b5 9. Qc2 Bb7 10. Rd1 Nbd7 11. Bg5 Rc8 12. Nc3 c5 13. Bxf6 Nxf6 14. dxc5 Qa5 15. Nd4 Bxg2 16. Kxg2 Bxc5 17. Nb3 Qb6 18. Nxc5 Rxc5 1-0

[Event "EIWCC 2017"]
[Site "Riga"]
[Date "2017.04.22"]
[Round "11"]
[White "Sinitsina, Anastassia"]
[Black "Movileanu, Daniela"]
[Result "1/2-1/2"]
[WhiteElo "2052"]
[BlackElo "2213"]
[Annotator "NA"]
[PlyCount "44"]
[EventDate "2017.??.??"]
[EventType "swiss"]
[EventCountry "LAT"]
[SourceTitle "playchess.com"]
[Source "ChessBase"]
[SourceQuality "1"]

1. e4 c5 2. Ne2 d6 3. d4 cxd4 4. Nxd4 Nf6 5. f3 Bd7 6. c4 g6 7. Nc3 Bg7 8. Be3 Nc6 9. Qd2 O-O 10. Be2 Nxd4 11. Bxd4 Bc6 12. O-O a5 13. b3 Nd7 14. Bxg7 Kxg7 15. Qd4+ Kg8 16. a3 Nc5 17. Bd1 e5 18. Qe3 Ne6 19. Rb1 f5 20. exf5 gxf5 21. Be2 Nf4 22. Rfe1 Kh8 1/2-1/2

[Event "EIWCC 2017"]
[Site "Riga"]
[Date "2017.04.22"]
[Round "11"]
[White "Grapsa, Georgia"]
[Black "Utiatskaja, Irina"]
[Result "0-1"]
[WhiteElo "2049"]
[BlackElo "2152"]
[Annotator "NA"]
[PlyCount "34"]
[EventDate "2017.??.??"]
[EventType "swiss"]
[EventCountry "LAT"]
[SourceTitle "playchess.com"]
[Source "ChessBase"]
[SourceQuality "1"]

1. d4 Nf6 2. c4 e6 3. g3 Bb4+ 4. Bd2 Qe7 5. Bg2 Nc6 6. Nf3 Bxd2+ 7. Nbxd2 O-O 8. O-O d6 9. e4 e5 10. d5 Nb8 11. b4 a5 12. a3 Na6 13. Qb3 Bd7 14. c5 axb4 15. cxd6 cxd6 16. axb4 Bb5 17. Rfe1 Qd8 0-1

[Event "EIWCC 2017"]
[Site "Riga"]
[Date "2017.04.22"]
[Round "11"]
[White "Chan, Naruna"]
[Black "Pavlidou, Ekaterini"]
[Result "1/2-1/2"]
[WhiteElo "1981"]
[BlackElo "2180"]
[Annotator "NA"]
[PlyCount "30"]
[EventDate "2017.??.??"]
[EventType "swiss"]
[EventCountry "LAT"]
[SourceTitle "playchess.com"]
[Source "ChessBase"]
[SourceQuality "1"]

1. e4 c5 2. c3 g6 3. d4 cxd4 4. cxd4 d5 5. e5 Bg7 6. Nf3 Nc6 7. Nc3 f6 8. Bb5 Bg4 9. h3 Bxf3 10. Qxf3 e6 11. O-O Rc8 12. Bf4 fxe5 13. Bxe5 Nf6 14. Qe3 O-O 15. Bxc6 Rxc6 1/2-1/2